Aktorzy znani pod trzema nazwiskami - Statystyki

Ogólne statystyki
  • Ten quiz został rozwiązany 64 razy
  • Średni wynik to 8 z 24
Statystyki odpowiedzi
Aktor % Poprawnych
Sarah {Jessica} Parker
84%
Catherine {Zeta}-Jones
83%
Jamie {Lee} Curtis
79%
Daniel {Day}-Lewis
72%
Helena {Bonham} Carter
71%
Millie {Bobby} Brown
62%
Anya {Taylor}-Joy
52%
Jennifer {Love} Hewitt
48%
Philip {Seymour} Hoffman
38%
Sarah {Michelle} Gellar
38%
Neil {Patrick} Harris
36%
Joseph {Gordon}-Levitt
26%
Jada {Pinkett} Smith
24%
Jennifer {Jason} Leigh
19%
Haley {Joel} Osment
16%
James {Earl} Jones
16%
Bryce {Dallas} Howard
14%
Lara {Flynn} Boyle
14%
Evan {Rachel} Wood
10%
Edward {James} Olmos
9%
Julia {Louis}-Dreyfus
9%
Billy {Dee} Williams
7%
Seann {William} Scott
5%
David {Hyde} Pierce
2%
Nie znaleziono quizów pasujących do podanych kryteriów
Rozkład punktacji
Procent ludzi z każdym wynikiem
Percentyl według liczby udzielonych odpowiedzi
Twoja historia wyników
Nie rozwiązałeś tego quizu